Perfect phrases for business proposals and business plans : (Record no. 283275)
[ view plain ]
| 000 -LEADER | |
|---|---|
| fixed length control field | 00499nam a2200121Ia 4500 |
| 008 - FIXED-LENGTH DATA ELEMENTS--GENERAL INFORMATION | |
| fixed length control field | 150223s9999 xx 000 0 und d |
| 020 ## - INTERNATIONAL STANDARD BOOK NUMBER | |
| International Standard Book Number | 9780071279345 |
| 050 ## - LIBRARY OF CONGRESS CALL NUMBER | |
| Classification number | HF 5718.5 |
| Item number | .D35 2006 |
| 100 ## - MAIN ENTRY--PERSONAL NAME | |
| Personal name | Debelak, Don. |
| 245 ## - TITLE STATEMENT | |
| Title | Perfect phrases for business proposals and business plans : |
| Remainder of title | hundreds of ready-to-use phrases for winning new clients, launching new prodicts, and getting the funding you need / |
| Statement of responsibility, etc | Don Debelak. |
| 260 ## - PUBLICATION, DISTRIBUTION, ETC. (IMPRINT) | |
| Place of publication, distribution, etc | New York : |
| Name of publisher, distributor, etc | Mc Graw Hill, |
| Date of publication, distribution, etc | 2006 |
| 300 ## - PHYSICAL DESCRIPTION | |
| Extent | 203 pages : |
| Dimensions | 20 cm. |
No items available.